| 000 | 00675nam a2200253Ia 4500 | ||
|---|---|---|---|
| 001 | 2940 | ||
| 005 | 20240113233603.0 | ||
| 007 | ta | ||
| 008 | 050319s2000 a g b000 u eng u | ||
| 020 | _a0-19-285386-4 | ||
| 040 | _aSKBL,Cotton College | ||
| 041 | _aeng | ||
| 082 |
_a922 _bKe 43 Bu |
||
| 100 | _aKeown, Damien . | ||
| 245 | 0 |
_aBuddhism : A Very Short Introduction / _cDamien Keown. _hTextual Documents |
|
| 250 | _aPaper Back / | ||
| 260 |
_aOxford : _bOxford Universsity Press , _c2000. |
||
| 300 |
_a136p : _bill. ; _c18 cm. . |
||
| 504 | _aIndex | ||
| 653 | _aIndian Philosophy | ||
| 942 |
_2ddc _cBK |
||
| 999 |
_c2928 _d2928 |
||